书目信息 |
| 题名: |
夷氛聞記
|
|
| 作者: | 梁廷楠, 著 | |
| 分册: | 上 | |
| 出版信息: | 北京 文物出版社 2022.07 |
|
| 页数: | 276页 | |
| 开本: | 24cm | |
| 丛书名: | 海上絲綢之路基本文獻叢書 | |
| 单 册: | ||
| 中图分类: | K253.1 | |
| 科图分类: | ||
| 主题词: | 广州抗英战役--guang zhou kang ying zhan yi | |
| 电子资源: | ||
| ISBN: | 978-7-5010-7674-1 | |
| 000 | 01136nam 2200289 450 | |
| 001 | CAL 012022001752 | |
| 005 | 20230301153510.62 | |
| 010 | @a978-7-5010-7674-1@b精装@dCNY98.00 | |
| 100 | @a20220927e2022 em y0chiy0120 ea | |
| 101 | 0 | @achi |
| 102 | @aCN@b110000 | |
| 105 | @aa z 000yy | |
| 106 | @ar | |
| 200 | 1 | @a夷氛聞記@Ayi fen wen ji@h上@f(清) 梁廷枏著 |
| 205 | @a影印本 | |
| 210 | @a北京@c文物出版社@d2022.07 | |
| 215 | @a276页@c图@d24cm | |
| 225 | 2 | @a海上絲綢之路基本文獻叢書@Ahai shang si chou zhi lu ji ben wen xian cong shu |
| 330 | @a本编注重史料的珍稀性, 从《海上丝绸之路历史文化丛书》中遴选出菁华, 拟出版百册单行本。本编所选之文献, 其编纂的年代下限至一九四九年。本编排序无严格定式, 所选之文献篇幅以二百余页为宜, 以便读者阅读使用。本编所选文献, 每种前皆注明版本、著者。本册为夷氛闻记 (上)。 | |
| 410 | 0 | @12001 @a海上絲綢之路基本文獻叢書 |
| 518 | 1 | @a夷氛闻记 |
| 606 | 0 | @a广州抗英战役@Aguang zhou kang ying zhan yi |
| 690 | @aK253.1@v5 | |
| 701 | 0 | @a梁廷楠,@Aliang ting nan@f清代@4著 |
| 730 | 1 | @a梁廷枏@Aliang ting nan@4著 |
| 801 | 0 | @aCN@bBJXHZP@c20230228 |
| 905 | @b1396662-5@dK253.1@e15:1@f4 | |
| 夷氛聞記.上/(清) 梁廷枏著.-影印本.-北京:文物出版社,2022.07 |
| 276页:图;24cm.-(海上絲綢之路基本文獻叢書) |
| ISBN 978-7-5010-7674-1(精装):CNY98.00 |
| 本编注重史料的珍稀性, 从《海上丝绸之路历史文化丛书》中遴选出菁华, 拟出版百册单行本。本编所选之文献, 其编纂的年代下限至一九四九年。本编排序无严格定式, 所选之文献篇幅以二百余页为宜, 以便读者阅读使用。本编所选文献, 每种前皆注明版本、著者。本册为夷氛闻记 (上)。 |
| ● |
| 相关链接 |
|
|
|
|
正题名:夷氛聞記
索取号:K253.1/15:1
 
预约/预借
| 序号 | 登录号 | 条形码 | 馆藏地/架位号 | 状态 | 备注 |
| 1 | 1396662 | 213966626 | 第二样本阅览室/ [索取号:K253.1/15:1] | 在馆 | |
| 2 | 1396663 | 213966635 | 第二借阅区/ [索取号:K253.1/15:1] | 在馆 | |
| 3 | 1396664 | 213966644 | 第二借阅区/ [索取号:K253.1/15:1] | 在馆 | |
| 4 | 1396665 | 213966653 | 第二借阅区/ [索取号:K253.1/15:1] | 在馆 |